| 000 | 00406nam a2200169Ia 4500 | ||
|---|---|---|---|
| 999 |
_c56157 _d56157 |
||
| 003 | 0100 | ||
| 005 | 20180308123628.0 | ||
| 008 | 130303s9999 xx 000 0 und d | ||
| 040 | _cARRUPELIB | ||
| 050 | _aDT960.A2T3 1950 | ||
| 100 |
_aTanser, George Henry _99720 |
||
| 245 | _aFounders of Rhodesia / | ||
| 260 |
_aCape Town _bOxford UP-Geoffrey Cumberlege _c1950 |
||
| 300 | _a80p | ||
| 650 |
_aRhodesia _xBiography _940349 |
||
| 942 |
_2lcc _cMONOGRAPH |
||